[Event "Steinfurt Bezirksliga 1011"]
[Site "Germany"]
[Date "2011.02.12"]
[Round "5.8"]
[White "Koelking, Helmut"]
[Black "Goeckeler, Andreas"]
[Result "1/2-1/2"]
[WhiteElo "1319"]
[BlackElo "1497"]
[PlyCount "45"]
[EventDate "2010.10.02"]
[EventType "team-tourn"]
[EventRounds "9"]
[EventCountry "GER"]
[SourceTitle "EXT 2012"]
[Source "ChessBase"]
[SourceDate "2011.11.24"]
[SourceVersion "1"]
[SourceVersionDate "2011.11.24"]
[SourceQuality "1"]
[WhiteTeam "Steinfurt III"]
[BlackTeam "Neuenkirchen II"]
[WhiteTeamCountry "GER"]
[BlackTeamCountry "GER"]

1. d4 d6 2. c4 g6 3. Nc3 Bg7 4. Bf4 Nc6 5. e3 e5 6. dxe5 Nxe5 7. Be2 Ne7 8. Qc2 N7c6 9. Nf3 0-0 10. 0-0 Nxf3+ 11. Bxf3 Ne5 12. Be2 Be6 13. b3 Qe7 14. Rac1 c6 15. Rfd1 Rad8 16. h3 Rfe8 17. Rd2 Bf5 18. e4 Bc8 19. Rcd1 Qf6 20. Bh2 Nxc4 21. Bxc4 Qxc3 22. Qxc3 Bxc3 23. Rxd6 1/2-1/2

[Event "Steinfurt Cup C"]
[Site "Neuenkirchen"]
[Date "2010.12.28"]
[Round "2"]
[White "Goeckeler, Andreas"]
[Black "Koerbel, Thomas"]
[Result "1-0"]
[WhiteElo "1486"]
[BlackElo "1280"]
[PlyCount "56"]
[EventDate "2010.12.27"]
[EventType "k.o."]
[EventRounds "2"]
[EventCountry "GER"]
[SourceTitle "EXT 2012"]
[Source "ChessBase"]
[SourceDate "2011.11.24"]
[SourceVersion "1"]
[SourceVersionDate "2011.11.24"]
[SourceQuality "1"]

1. e4 e5 2. Nf3 Nf6 3. Nxe5 d6 4. Nf3 Nxe4 5. d3 Nf6 6. Be2 Be7 7. 0-0 0-0 8. h3 Nc6 9. Nh2 Re8 10. c3 Be6 11. d4 d5 12. Bd3 Ne4 13. Nd2 Bd6 14. Nxe4 dxe4 15. Bxe4 Bxh3 16. Bxh7+ Kxh7 17. Qh5+ Kg8 18. Qxh3 Re2 19. Rb1 Na5 20. Qd3 Qh4 21. g3 Bxg3 22. Qxg3 Qe4 23. Bh6 Qg6 24. Qxg6 fxg6 25. Bf4 Nc4 26. Rfe1 Rae8 27. Kf1 Rxf2+ 28. Kxf2 Rf8 1-0

[Event "Steinfurt Bezirksliga 0910"]
[Site "Germany"]
[Date "2010.01.23"]
[Round "5.6"]
[White "Boerger, Andreas1111"]
[Black "Goeckeler, Andreas"]
[Result "1/2-1/2"]
[WhiteElo "1614"]
[BlackElo "1513"]
[PlyCount "46"]
[EventDate "2009.09.12"]
[EventType "team-tourn"]
[EventRounds "9"]
[EventCountry "GER"]
[SourceTitle "EXT 2011"]
[Source "ChessBase"]
[SourceDate "2010.11.26"]
[SourceVersion "1"]
[SourceVersionDate "2010.11.26"]
[SourceQuality "1"]
[WhiteTeam "Reckenfeld"]
[BlackTeam "Neuenkirchen II"]
[WhiteTeamCountry "GER"]
[BlackTeamCountry "GER"]

1. e4 d6 2. d4 Nf6 3. Nc3 g6 4. Bc4 Bg7 5. Nge2 0-0 6. 0-0 Nbd7 7. f3 e5 8. d5 Nb6 9. Bb3 Nfd7 10. Be3 f5 11. Rc1 f4 12. Bf2 Rf7 13. a4 Nf8 14. a5 Nbd7 15. Ba4 a6 16. b4 Qg5 17. Kh1 Qh5 18. Rg1 g5 19. Rf1 Rf6 20. g4 Qf7 21. Kg2 h5 22. h3 Rh6 23. Rh1 Nf6 1/2-1/2

[Event "Steinfurt Bezirksliga 0910"]
[Site "Germany"]
[Date "2009.09.12"]
[Round "1.6"]
[White "Gildehaus, Simon"]
[Black "Goeckeler, Andreas"]
[Result "1-0"]
[WhiteElo "1602"]
[BlackElo "1513"]
[PlyCount "112"]
[EventDate "2009.09.12"]
[EventType "team-tourn"]
[EventRounds "9"]
[EventCountry "GER"]
[SourceTitle "EXT 2011"]
[Source "ChessBase"]
[SourceDate "2010.11.26"]
[SourceVersion "1"]
[SourceVersionDate "2010.11.26"]
[SourceQuality "1"]
[WhiteTeam "Saerbeck II"]
[BlackTeam "Neuenkirchen II"]
[WhiteTeamCountry "GER"]
[BlackTeamCountry "GER"]

1. e4 d6 2. Nf3 g6 3. Bc4 Bg7 4. 0-0 Nf6 5. Re1 e5 6. Nc3 0-0 7. d3 Nbd7 8. b4 a6 9. h3 b5 10. Bb3 c5 11. a3 Bb7 12. Bg5 Qc7 13. Bxf6 Nxf6 14. Nd2 Rad8 15. Nd5 Nxd5 16. Bxd5 Bxd5 17. exd5 Ra8 18. Ra2 cxb4 19. axb4 Qc3 20. Re4 f5 21. Nb1 Qc7 22. Re2 a5 23. bxa5 Rxa5 24. c3 Rfa8 25. Qb3 Rxa2 26. Rxa2 Rxa2 27. Qxa2 Qb7 28. c4 b4 29. Qb3 Bf6 30. Na3 Qb6 31. Nb5 Qc5 32. Kf1 Bd8 33. Qa2 Kg7 34. Ke1 Bb6 35. Qe2 Kf6 36. Kd2 b3 37. Kc3 Ke7 38. f4 Ba5+ 39. Kxb3 Qb4+ 40. Kc2 Qa4+ 41. Kb2 Qb4+ 42. Kc1 Qa4 43. Qb2 Qb4 44. Qxb4 Bxb4 45. fxe5 dxe5 46. Kd1 h5 47. Ke2 Bc5 48. Nc7 g5 49. Ne6 g4 50. Nxc5 f4 51. hxg4 hxg4 52. Ne6 Kd6 53. Kf2 Ke7 54. d4 e4 55. Nxf4 g3+ 56. Kxg3 e3 1-0

[Event "Steinfurt Bezirksliga 0506"]
[Site "Germany"]
[Date "2006.01.14"]
[Round "5.5"]
[White "Goeckeler, Andreas"]
[Black "Loeckener, Thomas"]
[Result "0-1"]
[WhiteElo "1422"]
[BlackElo "1718"]
[PlyCount "84"]
[EventDate "2005.09.24"]
[EventType "team-tourn"]
[EventRounds "9"]
[EventCountry "GER"]
[SourceTitle "EXT 2006"]
[Source "ChessBase"]
[SourceDate "2005.11.24"]
[SourceVersion "1"]
[SourceVersionDate "2005.11.24"]
[SourceQuality "1"]
[WhiteTeam "Neuenkirchen II"]
[BlackTeam "Falke Saerbeck II"]
[WhiteTeamCountry "GER"]
[BlackTeamCountry "GER"]

1. e4 c5 2. Nf3 Nc6 3. d4 cxd4 4. Nxd4 e6 5. Nb3 Nf6 6. Bd3 Be7 7. Nc3 a6 8. a3 b5 9. 0-0 Bb7 10. Be3 d5 11. exd5 Nxd5 12. Nxd5 Qxd5 13. Qg4 Ne5 14. Qh3 Nxd3 15. Rad1 Nxf2 16. Bxf2 Qg5 17. Nd2 Qg6 18. Rc1 0-0 19. Nf3 f6 20. Qxe6+ Rf7 21. Nh4 Qg5 22. Qf5 Rd8 23. Rfe1 Bf8 24. g3 Qd2 25. Nf3 Qd6 26. Re6 Qd7 27. c3 Bc8 28. Rce1 Qc7 29. Nd4 Qc4 30. Rc6 Bxf5 31. Rxc4 bxc4 32. Nxf5 Rb7 33. Ne3 Rxb2 34. Nxc4 Rc2 35. Bd4 Kf7 36. Ne3 Ra2 37. Bb6 Rdd2 38. Ng4 h5 39. Nf2 Bxa3 40. Rf1 Bb2 41. Bd4 Rxd4 42. cxd4 Bxd4 0-1

[Event "Steinfurt Bezirksliga 0405"]
[Site "Germany"]
[Date "2004.12.11"]
[Round "4.8"]
[White "Hillen, Thomas"]
[Black "Goeckeler, Andreas"]
[Result "0-1"]
[WhiteElo "1476"]
[BlackElo "1420"]
[PlyCount "76"]
[EventDate "2004.09.25"]
[EventType "team-tourn"]
[EventRounds "11"]
[EventCountry "GER"]
[SourceTitle "EXT 2006"]
[Source "ChessBase"]
[SourceDate "2005.11.24"]
[SourceVersion "1"]
[SourceVersionDate "2005.11.24"]
[SourceQuality "1"]
[WhiteTeam "Emsdetten Rochade III"]
[BlackTeam "Neuenkirchen II"]
[WhiteTeamCountry "GER"]
[BlackTeamCountry "GER"]

1. Nf3 d6 2. e4 Nc6 3. h3 a6 4. Bc4 Nf6 5. Nc3 Na5 6. Be2 e5 7. b4 Nc6 8. a3 Nd4 9. Bc4 Be6 10. Bxe6 Nxe6 11. d3 h6 12. 0-0 c6 13. Be3 Be7 14. g3 Nh7 15. Qd2 Nhg5 16. Nxg5 Bxg5 17. Ne2 Bf6 18. Rad1 Qd7 19. Kh2 Ng5 20. Ng1 Ne6 21. Kg2 Ke7 22. f4 exf4 23. Bxf4 Bd4 24. Be3 f6 25. Nf3 Bxe3 26. Qxe3 Ng5 27. Rh1 Nxf3 28. Qxf3 Qe6 29. d4 Qa2 30. Qd3 Rad8 31. d5 Rc8 32. Rd2 cxd5 33. exd5 Qc4 34. Qf5 Rhe8 35. Qe6+ Kf8 36. Qxd6+ Kg8 37. Qf4 Re2+ 38. Kf3 Qxf4+ 0-1